ចម្លើយតបនៃការលូតលាស់ និងទិន្នផលរបស់ដំណាំម្ទេសទៅនឹងការប្រើប្រាស់គម្របដីផ្សេងៗគ្នា, response of growth and yield of chilli to different mulchings (Record no. 19558)
[ view plain ]
| 000 -LEADER | |
|---|---|
| fixed length control field | 00688nam a22001577a 4500 |
| 003 - CONTROL NUMBER IDENTIFIER | |
| control field | LRUA |
| 005 - DATE AND TIME OF LATEST TRANSACTION | |
| control field | 20210125104117.0 |
| 008 - FIXED-LENGTH DATA ELEMENTS--GENERAL INFORMATION | |
| fixed length control field | 201223b xxu||||| |||| 00| 0 eng d |
| 040 ## - CATALOGING SOURCE | |
| Transcribing agency | rua |
| 082 ## - DEWEY DECIMAL CLASSIFICATION NUMBER | |
| Edition number | . |
| Classification number | AHR CHE 2018 B668 Or. |
| 100 ## - MAIN ENTRY--PERSONAL NAME | |
| 9 (RLIN) | 14494 |
| Personal name | CHEA SAMAY, ជា សំអៃ |
| 245 ## - TITLE STATEMENT | |
| Title | ចម្លើយតបនៃការលូតលាស់ និងទិន្នផលរបស់ដំណាំម្ទេសទៅនឹងការប្រើប្រាស់គម្របដីផ្សេងៗគ្នា, response of growth and yield of chilli to different mulchings |
| 260 ## - PUBLICATION, DISTRIBUTION, ETC. (IMPRINT) | |
| Place of publication, distribution, etc. | phnom penh |
| Name of publisher, distributor, etc. | rua |
| Date of publication, distribution, etc. | 2018 |
| 300 ## - PHYSICAL DESCRIPTION | |
| Extent | xi,33p, |
| Other physical details | ill, |
| Dimensions | 29cm, |
| 942 ## - ADDED ENTRY ELEMENTS (KOHA) | |
| Source of classification or shelving scheme | |
| Koha item type | AGR |
| Price effective from | Date last seen | Permanent Location | Not for loan | Date acquired | Source of classification or shelving scheme | Koha item type | Lost status | Withdrawn status | Date last checked out | Total Checkouts | Shelving location | Damaged status | Barcode | Current Location | Full call number |
|---|---|---|---|---|---|---|---|---|---|---|---|---|---|---|---|
| 2020-12-23 | 2026-06-19 | Library Block B | 2020-12-23 | AGR | 2026-06-05 | 2 | B668 | A065499 | Library Block B | AHR CHE 2018 B668 Or | |||||
| 2020-12-23 | 2020-12-23 | Library Block B | 2020-12-23 | AGR | B668 | A065206 | Library Block B | AHR CHE 2018 B668 Or | |||||||
| 2020-12-23 | 2020-12-23 | Library Block B | 2020-12-23 | AGR | B668 | A065326 | Library Block B | AHR CHE 2018 B668 Or | |||||||
| 2020-12-23 | 2020-12-23 | Library Block B | 2020-12-23 | AGR | B668 | A065386 | Library Block B | AHR CHE 2018 B668 Or | |||||||
| 2020-12-23 | 2026-06-19 | Library Block B | 2020-12-23 | AGR | 2026-06-05 | 2 | B668 | A064891 | Library Block B | AHR CHE 2018 B668 Or | |||||
| 2020-12-23 | 2026-06-19 | Library Block B | 2020-12-23 | AGR | 2026-06-05 | 2 | B668 | A064831 | Library Block B | AHR CHE 2018 B668 Or |